000 00303nam a22001337a 4500
008 170817b xxu||||| |||| 00| 0 eng d
020 _a9780673384652
041 _aeng
080 _24 ED
_a51
100 _a36
101 _aMAT
245 _aCALCULUS WITH APPLICATIONS
_cLIAL.M.L
942 _2udc
_cBK
999 _c23859
_d23859